El Terremoto de 1986 en San Salvador: daños, repercusiones y ayuda requerida
সংরক্ষণ করুন:
| সংস্থা লেখক: | |
|---|---|
| বিন্যাস: | পাঠ্য |
| প্রকাশিত: |
México D.F.:
CEPAL
|
| বিষয়গুলি: | |
| ট্যাগগুলো: |
ট্যাগ যুক্ত করুন
কোনো ট্যাগ নেই, প্রথমজন হিসাবে ট্যাগ করুন!
|
MARC
| LEADER | 00000 a a2200000 04500 | ||
|---|---|---|---|
| 001 | 19919 | ||
| 003 | |||
| 040 | |||
| 090 | |a 081000 | ||
| 110 | |a CEPAL | ||
| 245 | |a El Terremoto de 1986 en San Salvador: daños, repercusiones y ayuda requerida | ||
| 260 | |a México D.F.: |b CEPAL | ||
| 300 | |a 41 p. | ||
| 300 | |b **no definido** |b fonodiscos |b map. | ||
| 650 | |a SISMOS | ||
| 650 | |a CONSECUENCIAS ECONOMICAS | ||
| 650 | |a CONSECUENCIAS SOCIALES | ||
| 650 | |a AYUDA ECONOMICA | ||
| 999 | |c 14260 |d 14260 | ||
